000 01143cam a22003011 4500
001 191303
003 SpMaBN
005 20250604062637.0
008 220919s1967 sp ||| ||spa
016 7 _abimoBNE20000951959
_zIND2000895744 [
_2SpMaBN]
017 _aM 11512-1967
_bOficina Depósito Legal Madrid
040 _aSpMaBN
_bspa
_cCDM
080 _a946"1901/36"
080 _a32(46)"1901/36"
100 0 _aTuñón de Lara, Manuel,
_d1915-1997
_9111681
245 1 0 _aHistoria y realidad del poder
_b(el poder y las élites en el primer tercio de la España del siglo XX)...
260 _aMadrid :
_bCuadernos para el Diálogo,
_c1967.
300 _a210 p. ;
_c18 cm.
490 1 _aCuadernos para el diálogo ;
_v11
651 4 _aEspaña-
_xHistoria-
_y1902-1931, Alfonso XIII
_98276
651 7 _aEspaña-
_xHistoria-
_y1931-1939, II República.
_98283
830 0 _aCuadernos para el diálogo ;
_v11
_9181812
852 _aES-MaACL
_jC-47674
_9152481
_bR.63840
_cDEPO2
852 _aES-MaACL
_9152481
_bR.63840
_jC-33321
_cDEPOJ
942 _2udc
_n0
_cMONOGRAFIA
999 _c191303
_d191303